| 000 | 00434nam a2200157 i 4500 | ||
|---|---|---|---|
| 001 | bg | ||
| 100 | 1 | _aJAmpo~7lskij, Anatolij Mihajlovoč. | |
| 245 | 0 |
_aKratkij sprawocnik galwanotechnika / _cA.M. Jampolskij, N.A. Ilin. |
|
| 250 | _aWyd.2 przer. i uzup. | ||
| 260 |
_aLeningrad, _c1972. |
||
| 700 | 1 | _aI~7lin, Viktor Aleksandrovič. | |
| 040 | _cBPK | ||
| 041 | _apol | ||
| 942 | _cKS | ||
| 008 | s pl f |000 0 pol | ||
| 999 |
_c15039 _d15039 |
||
| 856 |
_uhttp://koha.tu.koszalin.pl/cgi-bin/koha/opac-detail.pl?biblionumber=15039 _yKatalog online BPK |
||